|
|
|
|
| LEADER |
02768nam a22006377a 4500 |
| 001 |
45254 |
| 003 |
BD-DhAAL |
| 005 |
20260111122204.0 |
| 008 |
260108t1991 bg a|||| |||| 00| 0 eng d |
| 040 |
|
|
|a BD-DhAAL
|d BD-DhAAL
|
| 082 |
|
|
|a 372.95492
|2 23
|
| 245 |
|
|
|a AMR Chowdhury /
|n Volume VI,
|g 2009-2014 /
|c A. Mushtaque R. Chowdhury... [et.al].
|
| 260 |
|
|
|a Dhaka :
|b AMR Chowdhury publication,
|
| 300 |
|
|
|a 166 pages :
|b illustrations ;
|c 29 cm
|
| 541 |
|
|
|a Complimentary copy from Dr. Ahmed Mushtaque Raza Chowdhury (Former Vice Chairperson of BRAC)
|e 45254
|
| 650 |
|
|
|a Public health
|z Bangladesh
|x History.
|9 58108
|
| 650 |
|
|
|a Health facilities
|z Bangladesh
|x History.
|9 58123
|
| 650 |
|
|
|a Education, Elementary
|z Bangladesh
|x Evaluation.
|9 8838
|
| 650 |
|
|
|a Health education
|z Bangladesh.
|
| 650 |
|
|
|a Social science.
|
| 700 |
|
|
|a Chowdhury, A. M. Raza.
|
| 700 |
|
|
|a Gani, M. Showkat.
|9 60082
|
| 700 |
|
|
|a Nystrom, Lennarth.
|9 60083
|
| 700 |
|
|
|a Bhuiya, Abbas.
|9 53288
|
| 700 |
|
|
|a Phaholyothin, Natalie.
|9 24045
|
| 700 |
|
|
|a Ahmed, Jalaluddin.
|9 29489
|
| 700 |
|
|
|a Hossain, Md Awlad.
|9 56844
|
| 700 |
|
|
|a Moore, Melinda.
|9 60088
|
| 700 |
|
|
|a Bond, Katherine C.
|9 60089
|
| 700 |
|
|
|a Gresham, Louise.
|9 60090
|
| 700 |
|
|
|a Rweyemamu, Mark.
|9 60091
|
| 700 |
|
|
|a Bino, Silvia.
|9 60092
|
| 700 |
|
|
|a Jenkins, Andrew.
|9 60093
|
| 700 |
|
|
|a Nandita, Marziana Mahfuz.
|9 60094
|
| 700 |
|
|
|a Ahmed, Syed Masud.
|
| 700 |
|
|
|a Datta, Pran Gopal.
|9 60095
|
| 700 |
|
|
|a Kabir, Md. Mahbubul.
|9 60096
|
| 700 |
|
|
|a Alam, S. M. Nurul.
|9 60097
|
| 700 |
|
|
|a Nath, Samir Ranjan.
|
| 700 |
|
|
|a Roy, Goutam
|9 58180
|
| 700 |
|
|
|a Chowdhury, Fazlul Karim.
|9 60098
|
| 700 |
|
|
|a Mahbub, Amina.
|9 15740
|
| 700 |
|
|
|a Ahmed, Kazi Saleh.
|
| 700 |
|
|
|a Winikoff, B.
|9 60099
|
| 700 |
|
|
|a Camacho, C. C.
|9 60100
|
| 700 |
|
|
|a Sloan, N. L.
|9 60101
|
| 700 |
|
|
|a Rasheed, Sabrina.
|9 60102
|
| 700 |
|
|
|a Hussain, Zakir.
|9 59681
|
| 700 |
|
|
|a Lincoln C Chen.
|9 60103
|
| 700 |
|
|
|a Mendel, Ariel Pablos.
|9 60104
|
| 700 |
|
|
|a Garrett, Lourie.
|9 60105
|
| 710 |
|
|
|a Bangladesh Health Watch.
|9 58112
|
| 856 |
|
|
|z Full text available on BRAC University Institutional Repository
|u https://dspace.bracu.ac.bd/xmlui/handle/10361/13281
|
| 942 |
|
|
|2 ddc
|c BK
|
| 999 |
|
|
|c 47703
|d 47703
|
| 952 |
|
|
|0 0
|1 0
|2 ddc
|4 0
|6 372_954920000000000_AMR
|7 1
|9 78665
|a BRACUL
|b BRACUL
|c AMRC
|d 2026-01-11
|e Complimentary copy from Dr. Ahmed Mushtaque Raza Chowdhury (Former Vice Chairperson of BRAC)
|l 0
|o 372.95492 AMR
|p 3010045254
|r 2026-01-11
|t 1
|w 2026-01-11
|y BK
|x Complimentary copy received from Dr. Ahmed Mushtaque Raza Chowdhury (Former Vice Chairperson of BRAC) on 22/12/ 2025;The University Librarian instructed to process the photocopy of the book because the author is the copyright recipient.
|